Text book of hydrology / (Record no. 9523)
[ view plain ]
| 000 -LEADER | |
|---|---|
| fixed length control field | 00356cam a2200145ua 4500 |
| 020 ## - INTERNATIONAL STANDARD BOOK NUMBER | |
| ISBN | 81-7008-006-5 |
| 082 ## - DEWEY DECIMAL CLASSIFICATION NUMBER | |
| Classification number | 551.48 |
| Item number | JAY/TE |
| 100 ## - MAIN ENTRY--AUTHOR NAME | |
| Personal name | Jayarami Reddy, P . |
| 245 ## - TITLE STATEMENT | |
| Title | Text book of hydrology / |
| 250 ## - EDITION STATEMENT | |
| Edition statement | 2 / |
| 260 ## - PUBLICATION, DISTRIBUTION, ETC. (IMPRINT) | |
| Place of publication | New Delhi : |
| Name of publisher | Laxmi Publications , |
| Year of publication | 1994. |
| 300 ## - PHYSICAL DESCRIPTION | |
| Number of Pages | 530 ; . |
| 500 ## - GENERAL NOTE | |
| General note | 18994, 18995, 18996 CSS |
| 942 ## - ADDED ENTRY ELEMENTS (KOHA) | |
| Koha item type | Books |
| Withdrawn status | Lost status | Damaged status | Collection code | Home library | Current library | Shelving location | Date acquired | Full call number | Accession Number | Koha item type | Source of acquisition |
|---|---|---|---|---|---|---|---|---|---|---|---|
| Non-fiction | KAUAET | KAUAET | Scheme | 07/04/2012 | 551.48 | 18994 | Book Bank scheme for SC students | ||||
| Non-fiction | KAUAET | KAUAET | Scheme | 07/04/2012 | 551.48 | 18995 | Book Bank scheme for SC students | ||||
| Non-fiction | KAUAET | KAUAET | Scheme | 07/04/2012 | 551.48 | 18996 | Book Bank scheme for SC students | ||||
| KAUAET | KAUAET | 14/01/2013 | 551.48 JAY/TE | 19251 | Books | ||||||
| Non-fiction | KAUAET | KAUAET | General Stacks | 30/03/2013 | 551.48 JAY/TE | 24132 | Books | Aman Book Stall, Calicut |
